01172 a2200193 45000010006000000050017000060080041000230030015000640400040000790800086001192450040002050200018002452640041002633000019003045050526003230410008008491000026008578560095008835397520260407155810.0260407a1980 arg spa dAR-UNSa-BCEJYS aAR-UNSa-BCEJYSbspacAR-UNSa-BCEJYS a330.13xRentabilidad. Principio económico. Utilidad. Valor. Principio del valor10aSraffa y la teorìa de los precios a84-368-0140-7 1aMadrid :bEdiciones Pirámidec1980 a183 p.c21 cm. a1. La teoría de los precios de producción - 2. Bienes básicos y bienes no básicos - 3. Mercancia patrón y sistema patrón:el problema de la unidad invariable de medida - 4. Salario de subsistencia y tipo de salario - 5. La obra de Strafffa y la crítica de la teoría marginalista - 6. Producción de mercancias como crítica y superación de la metodología marginalista - 7. Sobre algunos problemas relativos a la relación entre producción de mercancías por medio de mercancías y el marxismo  aspa1 aRoncaglia, Alessandro41uhttps://biblioeco.unsa.edu.ar/pmb/images/libros/L128458.jpgyImagen de portadaqimage/jpeg